Ασφάλεια και ιδιωτικότητα σε ασύρματα δίκτυα αισθητήρων : διδακτορική διατριβή

Η διατριβή αυτή επικεντρώνεται στην ερευνητική περιοχή της ασφάλειας σε ασύρματα δίκτυα αισθητήρων, και ειδικότερα στους τομείς της διαχείρισης των σχέσεων εμπιστοσύνης μεταξύ των κόμβων, του ελέγχου προσπέλασης δεδομένων και της διαχείρισης των υπηρεσιών ασφάλειας....

Πλήρης περιγραφή

Αποθηκεύτηκε σε:
Λεπτομέρειες βιβλιογραφικής εγγραφής
Κύριος συγγραφέας: Αιβαλόγλου, Ευθυμία
Συγγραφή απο Οργανισμό/Αρχή: Πανεπιστήμιο Αιγαίου. Σχολή Θετικών Επιστημών. Τμήμα Μηχανικών Πληροφοριακών και Επικοινωνιακών Συστημάτων
Μορφή: Thesis Βιβλίο
Γλώσσα:Greek
English
Δημοσίευση: 2009.
Θέματα:
Ετικέτες: Προσθήκη ετικέτας
Δεν υπάρχουν, Καταχωρήστε ετικέτα πρώτοι!

MARC

LEADER 00000cam a2200000 i 4500
001 1/107551
008 100129s2009 gr | ||| |||| ||gre||
035 |l 10106517 
040 |a GR-MyUA  |b gre  |e AACR2 
041 0 |a eng 
082 7 |a 681.2   |2 (22) 
100 1 |a Αιβαλόγλου, Ευθυμία. 
245 1 0 |a Ασφάλεια και ιδιωτικότητα σε ασύρματα δίκτυα αισθητήρων :   |b διδακτορική διατριβή /   |c Ευθυμία Αιβαλόγλου ; επιβλέπων καθηγητής, Στέφανος Γκρίτζαλης.  
260 |c 2009.  
300 |a xx, 190 σ. :   |b εικ., πιν. ;  |c 30 εκ.  
500 |a Μέλη της συμβουλευτικής επιτροπής: Στέφανος Γκρίτζαλης, Σπύρος Κοκολάκης, Κωνσταντίνος Λαμπρινουδάκης.  
500 |a Περιορισμός στην πρόσβαση του ηλεκτρονικού τεκμηρίου.  
502 |a Διατριβή (διδακτορική) – Πανεπιστήμιο Αιγαίου, Σάμος, 2009. 
504 |a Βιβλιογραφία: σ.175-190.  
520 |a Η διατριβή αυτή επικεντρώνεται στην ερευνητική περιοχή της ασφάλειας σε ασύρματα δίκτυα αισθητήρων, και ειδικότερα στους τομείς της διαχείρισης των σχέσεων εμπιστοσύνης μεταξύ των κόμβων, του ελέγχου προσπέλασης δεδομένων και της διαχείρισης των υπηρεσιών ασφάλειας.  
650 0 0 |a Sensor networks  |x Security measures. 
650 0 0 |a Dissertations, Academic  |z Greece. 
700 1 |a Γκρίτζαλης, Στέφανος,  |e dgs 
710 2 |a Πανεπιστήμιο Αιγαίου.   |b Σχολή Θετικών Επιστημών.   |b Τμήμα Μηχανικών Πληροφοριακών και Επικοινωνιακών Συστημάτων. 
852 |a INST  |b SAMOS  |c DIATR  |e 20100129  |h 681.2 ΑΙΒ  |p 005300030794  |q 005300030794  |t PHD  |y 23 
852 |a INST  |b SAMOS  |c DIATR  |e 20100129  |h 681.2 ΑΙΒ  |p 005300030795  |q 005300030795  |t PHD  |y 23 
901 |a BIBL3-2010-1 
924 |a Αϊβαλόγλου  |b Ευθυμία  |y Σάμος  |z 2009-11 
970 |a ΚΟΣΙΕΡΗΣ  |b ΧΡΗΣΤΟΣ  |z 2010/01/29